Statistics for 2019 FIFA World Rankings

Click here to take the quiz!

General Stats

  • This quiz has been taken 416 times
  • The average score is 18 of 21

Answer Stats

RankPointsTeam% Correct
31676Brazil
99%
21726France
99%
111582Argentina
95%
51631England
95%
161558Germany
95%
91591Spain
95%
11727Belgium
94%
61614Portugal
94%
181539Italy
92%
41634Croatia
88%
141560Netherlands
87%
71609Uruguay
83%
171540Mexico
82%
141560Sweden
82%
121575Colombia
81%
81599Switzerland
79%
131565Chile
77%
201518Poland
77%
101589Denmark
72%
201518Peru
58%
191525Wales
50%

Score Distribution

Percentile by Number Answered

Percent of People with Each Score

Your Score History

You have not taken this quiz